Forecasting methods for management /
Guardado en:
| Autor Principal: | |
|---|---|
| Otros Autores: | |
| Formato: | Libro |
| Idioma: | English |
| Publicado: |
New York :
John Wiley & Sons,
c1980.
|
| Edición: | 3rd ed. |
| Series: | Systems and controls for financial management series.
|
| Materias: | |
| Etiquetas: |
Agregar Etiqueta
Sin Etiquetas, Sea el primero en etiquetar este registro!
|
| LEADER | 00856nam a22002295 4500 | ||
|---|---|---|---|
| 001 | EAD.ead003170 | ||
| 008 | 080718s1980####nyu######b####001#0#eng#d | ||
| 005 | 20120601114749.0 | ||
| 245 | 1 | 0 | |a Forecasting methods for management / |c Steven C. Wheelwright, Spyros Makridakis. |
| 250 | |a 3rd ed. | ||
| 260 | |a New York : |b John Wiley & Sons, |c c1980. | ||
| 300 | |a xviii, 362 p. ; |c 23 cm. | ||
| 490 | 1 | |a Systems and controls for financial management series | |
| 500 | |a "A Wiley-Interscience Publication". | ||
| 504 | |a Incluye referencias bibliográficas e índice. | ||
| 020 | |a 0471056308 | ||
| 100 | 1 | |a Wheelwright, Steven C., |d 1943- | |
| 700 | 1 | |a Makridakis, Spyros G. | |
| 830 | 0 | |a Systems and controls for financial management series. | |
| 082 | 0 | 4 | |a 658.40355 |2 21 |
| 653 | |a Pronósticos | ||
| 859 | |a AR-BaBDC |b BIB. ADMINISTRACION - Libros |h 658.40355 |i W418a3 |p b01103 | ||
